MARC details
| 000 -LEADER |
| fixed length control field |
02297nam a22003497a 4500 |
| 001 - CONTROL NUMBER |
| control field |
102245 |
| 003 - CONTROL NUMBER IDENTIFIER |
| control field |
KnowledgeUnlatched |
| 005 - DATE AND TIME OF LATEST TRANSACTION |
| control field |
20210303105215.0 |
| 006 - FIXED-LENGTH DATA ELEMENTS--ADDITIONAL MATERIAL CHARACTERISTICS |
| fixed length control field |
m o d |
| 007 - PHYSICAL DESCRIPTION FIXED FIELD--GENERAL INFORMATION |
| fixed length control field |
cr u|||||||||| |
| 008 - FIXED-LENGTH DATA ELEMENTS--GENERAL INFORMATION |
| fixed length control field |
210129p20192019enk o u00| u eng d |
| 037 ## - SOURCE OF ACQUISITION |
| Institution to which field applies |
BiblioBoard |
| 020 ## - INTERNATIONAL STANDARD BOOK NUMBER |
| International Standard Book Number |
9781786803924 |
| 029 1# - OTHER SYSTEM CONTROL NUMBER (OCLC) |
| OCLC library identifier |
https://library.biblioboard.com/ext/api/media/5ac5c63d-6549-4e9d-a9e5-ed71babcfbe5/assets/thumbnail.jpg |
| 040 ## - CATALOGING SOURCE |
| Original cataloging agency |
ScCtBLL |
| Transcribing agency |
ScCtBLL |
| 100 1# - MAIN ENTRY--PERSONAL NAME |
| Personal name |
Bloom, Peter |
| Relator term |
author. |
| 245 00 - TITLE STATEMENT |
| Title |
Monitored |
| Remainder of title |
Business and Surveillance in a Time of Big Data / |
| Statement of responsibility, etc. |
Peter Bloom. |
| 264 #1 - PRODUCTION, PUBLICATION, DISTRIBUTION, MANUFACTURE, AND COPYRIGHT NOTICE |
| Name of producer, publisher, distributor, manufacturer |
Pluto Press, |
| 300 ## - PHYSICAL DESCRIPTION |
| Extent |
1 online resource. |
| 506 0# - RESTRICTIONS ON ACCESS NOTE |
| Terms governing access |
Access copy available to the general public. |
| Standardized terminology for access restriction |
Unrestricted |
| Source of term |
star |
| 520 ## - SUMMARY, ETC. |
| Summary, etc. |
This book explores a central contradiction of 21st century economy and society: the more morally and politically unaccountable capitalism and capitalists are, the more accountable the mass majority of its subjects must become. The technocratic ideology and surveillance culture of our modern marketized societies hides a deeper reality of a free market that is unmanageable and a corporate elite whose actions cannot be traced let alone regulated. This work highlights the paradoxical way an often disjointed and unjustifiable modern neoliberalism persists through subjecting individuals and communities to a wide range of technical and ethical 'accounting' in all areas of contemporary life. These pervasive practices of monitoring and codifying everything and everyone mask how at its heart this system and its elites remain socially uncontrollable and ethically out of control. |
| 588 0# - SOURCE OF DESCRIPTION NOTE |
| Source of description note |
Description based on print version record. |
| 590 ## - LOCAL NOTE (RLIN) |
| Local note |
KU Select 2018: HSS Frontlist Books |
| 650 #7 - SUBJECT ADDED ENTRY--TOPICAL TERM |
| Topical term or geographic name entry element |
Political Science / Public Affairs & Administration |
| Source of heading or term |
bisacsh |
| 650 #0 - SUBJECT ADDED ENTRY--TOPICAL TERM |
| Topical term or geographic name entry element |
Political science |
| 655 #0 - INDEX TERM--GENRE/FORM |
| Genre/form data or focus term |
Electronic books. |
| 758 ## - |
| -- |
Is found in: |
| -- |
Knowledge Unlatched |
| -- |
https://openresearchlibrary.org/module/2774bc74-146a-484f-a7ba-ab1d6a09bbfb |
| 856 40 - ELECTRONIC LOCATION AND ACCESS |
| Uniform Resource Identifier |
<a href="https://openresearchlibrary.org/content/5ac5c63d-6549-4e9d-a9e5-ed71babcfbe5">https://openresearchlibrary.org/content/5ac5c63d-6549-4e9d-a9e5-ed71babcfbe5</a> |
| Public note |
View this content on Open Research Library. |
| -- |
0 |